| 000 | 00893nam0a22002771 4500 | ||
|---|---|---|---|
| 001 | rc\3225536 | ||
| 005 | 20250609192844.0 | ||
| 021 |
_aRU _b[74-39997] |
||
| 035 | _a(NLR Aleph) 007469083 | ||
| 090 |
_a7397148 _c7397148 |
||
| 100 | _a20130115d1974 |||y0rusy50 ca | ||
| 101 | 0 | _arus | |
| 102 | _aRU | ||
| 105 | _aa z ||||| | ||
| 200 | 1 | _aКрановая электрическая аппаратура | |
| 210 |
_aМосква _cЭнергия _d1974 |
||
| 215 |
_a104 с. _cил. _d20 |
||
| 225 | 1 |
_aБиблиотека электромонтера _vВып. 402 |
|
| 320 | _aСписок лит.: с. 104 (9 назв.) | ||
| 606 |
_aКрановое электрооборудование _2psbo |
||
| 700 | 1 |
_aЯуре _bА.Г. _gАндрей Георгиевич |
|
| 801 | 0 |
_aRU _bNLR _gpsbo |
|
| 801 | 1 |
_aRU _bELAR _2rusmarc |
|
| 852 |
_aNLR _j73-3/13559 |
||
| 942 | _cBOOK | ||
| 980 | _aNB | ||